Premier League Clubs 2020/2021 - Statistics

General Stats
  • This quiz has been taken 173 times
  • The average score is 14 of 20
Answer Stats
Answer % Correct
Manchester City
99%
Manchester United
98%
Liverpool
96%
Chelsea
94%
Arsenal
92%
Tottenham Hotspur
88%
Leicester
81%
Everton
76%
West Ham United
73%
Newcastle United
70%
Southampton
65%
Aston Villa
64%
Brighton and Hove Albion
62%
Crystal Palace
62%
Leeds United
62%
Wolverhampton Wanderers
60%
Fulham
54%
Burnley
53%
Sheffield United
40%
West Bromwich Albion
33%
No matching quizzes found
Score Distribution
Percent of People with Each Score
Percentile by Number Answered
Your Score History
You have not taken this quiz